Name a valid Capital City #2 - Statistics

General Stats
  • This quiz has been taken 196 times
  • The average score is 6 of 7
Answer Stats
Name a Capital City that... Answer % Correct
had more than 10 million visitors in 2018 Bangkok | London | Singapore | Paris | Kuala Lampur | Istanbul | Delhi | Rome | Tokyo
100%
has more than 50 billionaires London | Moscow | Beijing
95%
has more than 100 skyscrapers Kuala Lampur | Jakarta | Bangkok | Tokyo
86%
has more than 30 five star hotels London | Paris | Bangkok | Washington DC | Rome
83%
has a $60,000+ GDP (PPP) per capita Amsterdam | Stockholm | Paris | Oslo | Bratislava | Washington DC | Luxembourg City
82%
is more than 5000 km2 large Washington DC | Moscow | Tokyo
75%
has a density of more than 25,000 people per km2 Manila | Dhaka | Port-au-Prince
50%
No matching quizzes found
Score Distribution
Percent of People with Each Score
Percentile by Number Answered
Your Score History
You have not taken this quiz